Teledetección ambiental. La observación de la Tierra desde el Espacio
Shranjeno v:
| Glavni avtor: | |
|---|---|
| Format: | Neznan |
| Jezik: | angleščina |
| Izdano: |
Madrid, España.
Digital Reasons,
2019
|
| Teme: | |
| Online dostop: | Disponible Online - Cap. 2-3 y 6-7 |
| Oznake: |
Označite
Brez oznak, prvi označite!
|
MARC
| LEADER | 00000 a2200000 4500 | ||
|---|---|---|---|
| 003 | CL-VaPUC | ||
| 005 | 20211027100843.0 | ||
| 008 | 201218b ||||| |||| 00| 0 eng d | ||
| 999 | |c 432270 |d 432268 | ||
| 020 | |a 9788412031546 | ||
| 040 | |c Pontificia Universidad Católica de Valparaíso | ||
| 082 | |a 621.367 CHU 2019 | ||
| 100 | |a Chuvieco Salinero, Emilio |9 858185 | ||
| 245 | |a Teledetección ambiental. |b La observación de la Tierra desde el Espacio | ||
| 260 | |a Madrid, España. |b Digital Reasons, |c 2019 | ||
| 300 | |a 595 páginas | ||
| 583 | |k Cristina Rojas |c 20201218 | ||
| 650 | |a Teledectección ambiental |9 858969 | ||
| 650 | |a Imágenes |x Análisis digital |x Interpretación visual |9 858970 | ||
| 856 | |u http://bibliografiadigital.pucv.cl.pucv.idm.oclc.org/index.php/bibliotecapucv/catalog/book/717 |y Disponible Online - Cap. 2-3 y 6-7 | ||
| 942 | |2 ddc |c BK | ||
| 952 | |0 0 |1 0 |2 ddc |4 0 |6 621_367000000000000_CHU_2019 |7 0 |8 A |9 577254 |a BIBING |b BIBING |d 2020-12-18 |e 1 |g 28599.43 |i 558048K |l 3 |m 6 |o 621.367 CHU 2019 |p 558048K |r 2025-01-20 |s 2024-08-29 |t 2 |v 28599.43 |w 2020-12-18 |y BK |k GEO | ||
| 952 | |0 0 |1 0 |2 ddc |4 0 |6 621_367000000000000_CHU_2019 |7 0 |8 A |9 577255 |a BIBING |b BIBING |d 2020-12-18 |e 1 |g 28599.43 |i 5580528 |l 3 |m 1 |o 621.367 CHU 2019 |p 5580528 |r 2025-04-24 |s 2025-04-24 |t 6 |v 28599.43 |w 2020-12-18 |y BK |k GEO | ||
| 952 | |0 0 |1 0 |2 ddc |4 0 |6 621_367000000000000_CHU_2019 |7 0 |8 A |9 577256 |a BIBING |b BIBING |d 2020-12-18 |e 1 |g 28599.43 |i 5580471 |l 4 |o 621.367 CHU 2019 |p 5580471 |r 2025-01-20 |s 2024-11-05 |t 1 |v 28599.43 |w 2020-12-18 |y BK |k GEO | ||
| 952 | |0 0 |1 0 |2 ddc |4 0 |6 621_367000000000000_CHU_2019 |7 0 |8 A |9 577257 |a BIBING |b BIBING |d 2020-12-18 |e 1 |g 28599.43 |i 558051K |l 2 |o 621.367 CHU 2019 |p 558051K |r 2025-01-20 |s 2023-11-09 |t 5 |v 28599.43 |w 2020-12-18 |y BK |k GEO | ||
| 952 | |0 0 |1 0 |2 ddc |4 0 |6 621_367000000000000_CHU_2019 |7 0 |8 A |9 577258 |a BIBING |b BIBING |d 2020-12-18 |e 1 |g 28599.43 |i 5580498 |l 4 |m 2 |o 621.367 CHU 2019 |p 5580498 |r 2025-01-20 |s 2024-08-29 |t 3 |v 28599.43 |w 2020-12-18 |y BK |k GEO | ||
| 952 | |0 0 |1 0 |2 ddc |4 0 |6 621_367000000000000_CHU_2019 |7 0 |8 A |9 577259 |a BIBING |b BIBING |d 2020-12-18 |e 1 |g 28599.43 |i 5580536 |l 8 |m 4 |o 621.367 CHU 2019 |p 5580536 |r 2025-01-20 |s 2024-11-05 |t 7 |v 28599.43 |w 2020-12-18 |y BK |k GEO | ||
| 952 | |0 0 |1 0 |2 ddc |4 0 |6 621_367000000000000_CHU_2019 |7 0 |8 A |9 577260 |a BIBING |b BIBING |d 2020-12-18 |e 1 |g 28599.43 |i 5580501 |l 5 |o 621.367 CHU 2019 |p 5580501 |r 2025-01-20 |s 2024-11-05 |t 4 |v 28599.43 |w 2020-12-18 |y BK |k GEO | ||